[Event "Mumbai Mayors Cup 1st"]
[Site "Mumbai"]
[Date "2008.05.13"]
[Round "4"]
[White "Hrishikesh, Chavan"]
[Black "Debashis, Das"]
[Result "0-1"]
[WhiteElo "2008"]
[BlackElo "2294"]
[PlyCount "81"]
[EventDate "2008.05.11"]
[EventType "swiss"]
[EventRounds "11"]
[EventCountry "IND"]
[SourceTitle "CBM 124 Extra"]
[Source "ChessBase"]
[SourceDate "2008.07.03"]
[SourceVersion "1"]
[SourceVersionDate "2008.07.03"]
[SourceQuality "1"]

1. d4 d5 2. c4 c6 3. Nc3 Nf6 4. cxd5 cxd5 5. Qb3 Nc6 6. e3 e6 7. Nf3 Bd6 8. Bd2 0-0 9. Rc1 a6 10. Bd3 Na5 11. Qd1 b5 12. a4 b4 13. Na2 Qb6 14. 0-0 Bb7 15. Ne5 Rfc8 16. Rxc8+ Bxc8 17. Nc1 Bxe5 18. dxe5 Nd7 19. Qh5 g6 20. Qg5 Nc6 21. f4 a5 22. h4 Ba6 23. Bxa6 Rxa6 24. h5 Qd8 25. Qg4 Nc5 26. b3 Ra8 27. Rf3 Rc8 28. Be1 Qe8 29. Rh3 Ne4 30. Ne2 Nd8 31. Bh4 Nb7 32. Nd4 Rc1+ 33. Kh2 Nbc5 34. hxg6 fxg6 35. Nf3 Nxb3 36. Ng5 Nbd2 37. Rf3 Nxf3+ 38. Qxf3 Nxg5 39. Bxg5 b3 40. Qe2 Rc8 41. Qa6 0-1